Financing the war on drugs: The impact of law enforcement grants on racial disparities in drug arrests (Record no. 519870)

000 -LEADER
fixed length control field 01423nam a22001457a 4500
008 - FIXED-LENGTH DATA ELEMENTS--GENERAL INFORMATION
fixed length control field 220511b ||||| |||| 00| 0 eng d
100 ## - MAIN ENTRY--PERSONAL NAME
Personal name Cox, Robynn and Cunningham, Jamein P.
245 ## - TITLE STATEMENT
Title Financing the war on drugs: The impact of law enforcement grants on racial disparities in drug arrests
260 ## - PUBLICATION, DISTRIBUTION, ETC. (IMPRINT)
Place of publication, distribution, etc Journal of Policy Analysis and Management
300 ## - PHYSICAL DESCRIPTION
Extent 40(1), Winter, 2021: p.191-224
520 ## - SUMMARY, ETC.
Summary, etc This study estimates the impact of the discretionary Edward Byrne Memorial State and Local Law Enforcement Assistance Program (EBMGP) on drug arrests and crime. The 1986 and 1988 Anti-Drug Abuse Act allocated federal funds to state and local municipalities to combat illicit drug use and violent crime associated with drug sales and trafficking. The results show that the implementation of the EBMGP resulted in an increase in police hiring, an increase in drug sales arrest rates for Blacks and Whites, and a decrease in total crime. Nonetheless, Black-White racial disparity in the drug sales arrest rate still significantly increases by approximately 1 for every 1,000 Black residents. Our findings highlight the role of federal crime control policies in state and local policing. Although, the EBMGP was a color-blind policy initiative, it was not race neutral in its implementation. – Reproduced
773 ## - HOST ITEM ENTRY
Main entry heading Journal of Policy Analysis and Management
906 ## - LOCAL DATA ELEMENT F, LDF (RLIN)
Subject DIP DRUG ABUSE
942 ## - ADDED ENTRY ELEMENTS (KOHA)
Item type Articles
Holdings
Withdrawn status Lost status Source of classification or shelving scheme Damaged status Not for loan Permanent location Current location Date acquired Serial Enumeration / chronology Barcode Date last seen Koha item type
          Indian Institute of Public Administration Indian Institute of Public Administration 2022-05-11 40(1), Winter, 2021: p.191-224 AR126651 2022-05-11 Articles

Powered by Koha